A first book in comprehension, precis and compositions = Luyện viết tiếng anh trình độ sơ và trung cấp

שמור ב:
מידע ביבליוגרפי
מחבר ראשי: L. G. Alexander
פורמט: ספר
שפה:Undetermined
יצא לאור: Tp. HCM Tp. HCM 1999
נושאים:
תגים: הוספת תג
אין תגיות, היה/י הראשונ/ה לתייג את הרשומה!
Thư viện lưu trữ: Trung tâm Học liệu Trường Đại học Cần Thơ
LEADER 00688nam a2200205Ia 4500
001 CTU_53163
008 210402s9999 xx 000 0 und d
020 |b 16000 
082 |a 428.24 
082 |b A377 
100 |a L. G. Alexander 
245 2 |a A first book in comprehension, precis and compositions 
245 0 |b = Luyện viết tiếng anh trình độ sơ và trung cấp 
245 0 |c L. G. Alexander; Nguyễn Thành Yến biên dịch 
260 |a Tp. HCM 
260 |b Tp. HCM 
260 |c 1999 
650 |a english language,english language 
650 |x writing,compositions and exercises 
980 |a Trung tâm Học liệu Trường Đại học Cần Thơ